| 000 | 00361nam a22001457a 4500 | ||
|---|---|---|---|
| 008 | 230705b ||||| |||| 00| 0 eng d | ||
| 020 | _a9781618532640 | ||
| 041 | _aeng | ||
| 080 |
_2FIRST EDITION _a334.7 |
||
| 082 | _a334.7PAT | ||
| 100 | _a23 | ||
| 101 | _aMBE | ||
| 245 |
_aACCOUNTING FOR GOVERNMENTAL NONPROFIT ORGANIZATIONS _cPATTON.T |
||
| 942 |
_2udc _cBK |
||
| 999 |
_c60091 _d60091 |
||